Statistics for Category Elimination - European Countries #1

Click here to take the quiz!

General Stats

  • This quiz has been taken 28,021 times
  • The average score is 11 of 16

Answer Stats

Group#Category% Correct
Green30European countries that are not landlocked
100%
Green17... that have at least four borders
99%
Orange30European countries with a population of under 10 million
89%
Orange21... without territory in the Balkans
87%
Blue36European countries that start with a consonant
86%
Blue14... that are not in the EU
83%
Purple29European countries that were independent before the USSR collapsed
80%
Green5... whose capital is at least seven letters long
76%
Orange6... that are larger in area than Czech Republic
76%
Purple9... that are entirely east of Rome
74%
Purple4... that ends in “A”
68%
Blue5... with a maximum elevation of under 2,000 meters
56%
Purple1... whose capital starts with “S”Bulgaria
46%
Orange1... that starts with a letter after K alphabeticallyNorway
40%
Green1... and the country’s name ends in a consonantBelgium
39%
Blue1... that contains “D”Moldova
31%

Score Distribution

Percentile by Number Answered

Percent of People with Each Score

Your Score History

You have not taken this quiz